Regioni italiane con maggior Pil pro capite - Statistics

Statistiche generali
  • Questo quiz è stato fatto 135 volte
  • Il punteggio medio è 10 su 10
Statistiche sulle risposte
Hint Risposta % Corretto
38.200 Lombardia
100%
30.300 Piemonte
99%
30.500 Toscana
99%
42.300 Trentino-Alto Adige
99%
33.100 Veneto
99%
35.300 Emilia-Romagna
98%
31.000 Friuli-Venezia Giulia
98%
32.900 Lazio
96%
29.678 Liguria
96%
35.200 Valle d'Aosta
95%
Nessun quiz corrispondente trovato
Distribuzione punteggi
Percentuale di utenti per punteggio
Percentile per numero di risposta
I tuoi punteggi nel tempo
Non hai fatto questo quiz